01213nam a2200361Ia 450000100060000000300100000600500170001600700030003300800410003602000150007704000350009204100080012708200130013508400130014824500970016125000220025826400300028030000400031033600270035033700330037733800280041049000190043865000510045765000300050865000250053870000270056370000340059070000370062470000340066194200120069599900170070795201270072457704CO-BoRNBP20250724161951.0ta121119s2000 ck a gr 000 0 spa  a9586148807 aCO-BoRNBPbspaerdacCO-BoRNBP0 aspa04a523bE76 aRES0074800aEn el espaciocconsultor, Anthony Wilson ; ilustraciones, Jhon Egan, Eric Robson y Alan Rowe aPrimera edición aBogotá bPlaneta c2000 a24 páginas bilustracionesc20 cm atextobtxt2rdacontent asin mediaciónbn2rdamedia avolumenbnc2rdacarrier0 aMira y aprende14aAstronomíaxLiteratura infantil2LEMB96139014aSistema solar2LEMB9374514aPlanetas2LEMB946071 aWilson, Anthony9613911 aEgan, Jhoneilustrador9613921 aRobson, Eric eilustrador9613931 aRowe, Alaneilustrador961394 2ddccBK c57704d57704 00102ddc40708GENaMERESTREbMERESTREcGENd2025-07-24l0o523 E76pRES00748r2025-07-24 16:20:03tEj.1w2025-07-24yBK